Tous les Pokemon de type Glace (2G) - Statistiques

Statistiques générales
  • Ce quiz a été pris 15 fois
  • Le résultat moyen est 5 sur 5
Statistiques - réponses
Indices Réponses % Correct
Glace + Sol Cochignon
100%
Glace + Sol Marcacrin
93%
Glace + Vol Cadoizo
87%
Glace + Ténèbres Farfuret
87%
Glace + Psy Lippouti
87%
Aucun quiz correspondant
Distribution des résultats
% des personnes avec chaque résultat
Percentile par nombre de réponses
Votre historique - résultats
Vous n’avez pas pris ce quiz